Регионална библиотека "Любен Каравелов" - Русе

Лекции по елементарна и аналитична теория на числата (Запис номер 196978)

MARC детайли
000 -Лидер
Контролно поле с фиксирана дължина nam a22 c 4500
003 - Код на организацията, давaща контролен номер
Контролно поле BLK
005 - Дата и час на последна редакция
Контролно поле 20200827120004.0
008 - Елементи от данни с фиксирана дължина
fixed length control field 180411b bul|||||r ||||||| ||bul||
010 ## - Наследен системен номер
LC control number KNG00206253000
020 ## - Международен стандартен номер на книга ISBN
Международен стандартен номер на книга ISBN 978-954-07-4193-2
040 ## - Източник на каталожния запис
Идентификатор на билиотеката - собственик на записа BLK
041 ## - Код за език
Код за езика на текст/звукозапис или на отделно заглавие Български
Код за езика КДБФ Български
072 #7 - Код за тематичната категория
Код организация bullib
Код за тематична категория Н50
Текст Естествени науки. Математика и др. Н
080 ## - УДК
Текстов определител УДК Теория на числата - Проблеми на аналитичната, адитивна и др. теории на числата, полета на алгебраичните числа, геометрия на числата и др. Изчислителна математика вж 519.6
УДК код - определител по УДК 511
УДК определител (075.8)
УДК - код + определител 511(075.8)
100 1# - Редна дума - Автор
Автор Толев, Дойчин Иванов
Авторска отговорност първи автор
R(LIN) 347621
139 ## - Редно поле
Редна дума Толев, Дойчин Иванов
Авторски знак Тол - Т 66
245 10 - Сведения за заглавието
Заглавие Лекции по елементарна и аналитична теория на числата
Подзаглавни данни Т. 1 - 2
Редно поле (дума) Дойчин Иванов Толев; ред. на том Живко Петров.
Том Т. 1
257 ## - Страна на издаване
Страна на създаване/издаване България
260 ## - Област на издателските данни
Място на издаване, разпространение и проч. София
Година на издаване 2016 -
9 (RLIN) 209716
Име на издателя, разпространителя и проч. Унив. изд. Св. Климент Охридски
300 ## - Физическа характеристика
Размери/Мащаб 29 см
380 ## - Жанр
Жанр Естествени науки. Математика
650 #4 - Допълнително описание по предмет – тема
Основно описание – тема или топоним Числа - теория - учебници за ВУЗ
9 (RLIN) 254391
653 ## - Ключова дума – ненормативна
Ключова дума числа
653 ## - Ключова дума – ненормативна
Ключова дума прости числа
653 ## - Ключова дума – ненормативна
Ключова дума методи
653 ## - Ключова дума – ненормативна
Ключова дума задачи
659 ## - Тематичен бюлетин
Тематичен бюлетин Н
700 1# - Други автори (авторска отговорност)
Лично име Петров, Живко
Автороска отговорност (Описва отношението между автора и произведението) ред. на том
9 (RLIN) 347622
760 1# - Описание на основната серия
Редна дума на основното описание Толев, Дойчин Иванов
Място на издаване, издател и година Унив. изд. Климент Охридски, 2016
Страници - том 350 с.
Забележка - том Името на ред. отбелязано в изд. каре
Заглавие Т. 1
852 ## - Местоположение
Форматна сигнатура Цб ІІ 21760
856 4# - Електронен адрес и достъп
Електронен формат pdf - файл
856 4# - Електронен адрес и достъп
Електронен формат pdf - файл
999 ## - СИСТЕМНИ КОНТРОЛНИ НОМЕРА
Koha biblionumber 196978
Koha biblioitemnumber 196978
942 ## - АРТИКУЛИ
Вид на библиотечния материал Книги
Скрит в OPAC Не
Koha issues (borrowed), all copies 1
Периодичен библиозапис Да
944 ## - СЪЗДАВАНЕ И РЕДАКЦИЯ на ЗАПИСА
Създаване/Редакция Създаване
Дата на регистрацията/редакция 16.05.2017
Служител, извършил регистрацията/редакцията Виолета_Тройчева
944 ## - СЪЗДАВАНЕ И РЕДАКЦИЯ на ЗАПИСА
Създаване/Редакция Редакция
Дата на регистрацията/редакция 27.06.2017
Служител, извършил регистрацията/редакцията Грета_Цуфелде
999 ## - СИСТЕМНИ КОНТРОЛНИ НОМЕРА
Koha biblioitemnumber 196978
999 ## - СИСТЕМНИ КОНТРОЛНИ НОМЕРА
Koha biblioitemnumber 196978
999 ## - СИСТЕМНИ КОНТРОЛНИ НОМЕРА
Koha biblioitemnumber 196978
999 ## - СИСТЕМНИ КОНТРОЛНИ НОМЕРА
Koha biblioitemnumber 196978
999 ## - СИСТЕМНИ КОНТРОЛНИ НОМЕРА
Koha biblioitemnumber 196978
Наличности
Код за отписване Код за изгубен артикул Код за повреда Коз за рестрикции Код за отдаване Артикулен № Име на библиотеката - собственик Име на библиотеката, в която се намира в момента Статус (Текущо местоположение) Дата на вписване в системата Местоположение - отдел Цена в лева Инвентарен номер Систематично азбучна сигнатура Баркод Номер на екземпляра Цена в евро Служебна бележка Служебен тип на артикула Източник на класификационната схема
  Не е изгубен Не е повреден без рестрикции ползва се в читалня 343283 Регионална библиотека "Любен Каравелов" Русе Регионална библиотека "Любен Каравелов" Русе Хранилище 2017-05-15 Хранилище 20.00 120000810990 Цб ІІ 21760 120000810990 1 10.23 Дост: Dp Вид: Д N: 14 Дата: 15.03.2017 Книги  
  Не е изгубен Не е повреден без рестрикции заемане за дома 792632 Регионална библиотека "Любен Каравелов" Русе Регионална библиотека "Любен Каравелов" Русе Заемна - подръчен фонд 2020-08-20 Заемна - подръчен фонд 14.00   511/Т66Д 120000845739   7.16   Книги Universal Decimal Classification
Vip Innovations Ltd, Rousse, Bulgaria 2025